Post scriptum a la lógica de la investigación científica

Uloženo v:
Podrobná bibliografie
Hlavní autoři: Pooper, Karl R. (Autor), Bartley, William Warren (Autor)
Médium: Kniha
Jazyk:španělština
Vydáno: Madrid Tecnos 1985
Edice:Serie de Filosofía y ensayo
Témata:
Tagy: Přidat tag
Žádné tagy, Buďte první, kdo vytvoří štítek k tomuto záznamu!

MARC

LEADER 00000nam a2200000 a 4500
001 UCW9307
003 CL-VaPUC
008 890303e19850000SP |||||||||||||||||spa|d
082 0 4 |a 530.12  |b POP  |2 21 
100 |a Pooper, Karl R.  |e author  |9 311826 
700 0 |a Bartley, William Warren  |e author  |9 314535 
245 1 0 |a Post scriptum a la lógica de la investigación científica 
300 |a 3 v 
942 |c BK 
945 |d 19890303 00:00:00 
260 |a Madrid  |b Tecnos  |c 1985 
650 0 |a Teoría cuántica  |9 266148 
650 0 |a Filosofía de las ciencias  |9 256466 
583 |a last modification  |c 19890303 00:00:00  |k Rodrigo Vera 
490 0 |a Serie de Filosofía y ensayo 
999 |c 221315  |d 221313 
952 |0 0  |1 0  |4 0  |6 530_120000000000000_POP_1985  |7 0  |8 P  |9 214495  |a BIBEDU  |b BIBEDU  |c BIBEDU_PB  |d 2019-11-15  |i 1566040  |l 1  |o 530.12 POP 1985  |p 1566040  |r 2024-01-25  |s 2023-03-28  |w 2019-11-15  |y BK  |k FIL